Príprava a aplikácie rekombinantných enzýmov

Salvato in:
Dettagli Bibliografici
Autore principale: Kazimírová, Veronika (Autore)
Altri autori: Rebroš, Martin (Relatore della tesi)
Natura: Manoscritto Libro
Lingua:slovacco
Pubblicazione: 2022
Soggetti:
Accesso online:http://is.stuba.sk/zp/portal_zp.pl?podrobnosti=145763
Tags: Aggiungi Tag
Nessun Tag, puoi essere il primo ad aggiungerne!!

MARC

LEADER 00000ntm a22000003a 4500
001 stuzp66189
003 SK-STU
005 20220702210252.0
007 ta
008 150427s2015----xo-----f-mn---000-0-slo-d
040 |a STU  |b slo 
041 0 |a slo 
100 1 |a Kazimírová, Veronika  |u 044000  |4 aut  |U FCHPT Fakulta chemickej a potravinárskej technológie  |T FCHPT Ústav biotechnológie  |X 42732  |U C4000  |Y 102  |7 42732 
242 0 1 |a Production and Applications of Recombinant Enzymes  |y eng 
245 1 0 |a Príprava a aplikácie rekombinantných enzýmov 
260 |c 2022 
650 4 |a (Z3)-hexenal  |2 slo 
650 4 |a kyselina (13S)-hydroperoxy-(Z9,E11,Z15) -oktatriénová  |2 slo 
650 4 |a cytochróm P450  |2 slo 
650 4 |a hydroperoxid lyáza  |2 slo 
650 4 |a hém  |2 slo 
650 4 |a Escherichia coli  |2 slo 
650 4 |a lipoxygenáza  |2 slo 
650 4 |a hydroperoxide lyase  |2 eng 
650 4 |a lipoxygenase  |2 eng 
650 4 |a 13(S)-hydroperoxy-(Z9,E11,Z15)-octadecatrienoic acid  |2 eng 
650 4 |a (Z3)-hexenal  |2 eng 
650 4 |a cytochrome P450  |2 eng 
650 4 |a heme  |2 eng 
650 4 |a Escherichia coli  |2 eng 
700 1 |a Rebroš, Martin  |u 044000  |k Z1  |4 ths  |U FCHPT Fakulta chemickej a potravinárskej technológie  |T FCHPT Ústav biotechnológie  |X 4015  |U C4000  |Y 102  |7 A000004015 
856 4 |u http://is.stuba.sk/zp/portal_zp.pl?podrobnosti=145763